Oldest U.S. Senators Quiz - Statistics

General Stats
  • This quiz has been taken 136 times
    50 since last reset
  • The average score is 6 of 10
Answer Stats
Age Birthday Senator % Correct
92 September 17, 1933 R Chuck Grassley
94%
84 September 8, 1941 I Bernie Sanders
91%
84 February 20, 1942 R Mitch McConnell
83%
82 March 31, 1944 I Angus King
77%
81 November 21, 1944 D Dick Durbin
69%
79 July 11, 1946 D Ed Markey
46%
82 May 3, 1943 R Jim Risch
43%
79 January 28, 1947 D Jeanne Shaheen
29%
80 February 13, 1946 D Richard Blumenthal
29%
78 May 2, 1947 D Peter Welch
17%
No matching quizzes found
Score Distribution
Percent of People with Each Score
Percentile by Number Answered
Your Score History
You have not taken this quiz since the last reset